CNS drugs: (Record no. 37055)
[ view plain ]
| 000 -LEADER | |
|---|---|
| fixed length control field | 00492nam a22001457a 4500 |
| 008 - FIXED-LENGTH DATA ELEMENTS--GENERAL INFORMATION | |
| fixed length control field | 230531b |||||||| |||| 00| 0 eng d |
| 040 ## - CATALOGING SOURCE | |
| Original cataloging agency | National Science Library |
| Transcribing agency | National Science Library |
| 080 ## - UNIVERSAL DECIMAL CLASSIFICATION NUMBER | |
| Universal Decimal Classification number | 615.78(082.2) |
| Item number | K6.1 |
| 245 ## - TITLE STATEMENT | |
| Title | CNS drugs: |
| Remainder of title | A symposium held at the regional research laboratory Hyderabad, India |
| 260 ## - PUBLICATION, DISTRIBUTION, ETC. | |
| Place of publication, distribution, etc. | New Delhi: |
| Name of publisher, distributor, etc. | Council of Scientific & Industrial Research, |
| Date of publication, distribution, etc. | 367p. |
| 300 ## - PHYSICAL DESCRIPTION | |
| Extent | 367p. |
| 650 ## - SUBJECT ADDED ENTRY--TOPICAL TERM | |
| Topical term or geographic name entry element | Drugs |
| 653 ## - INDEX TERM--UNCONTROLLED | |
| Uncontrolled term | Research |
| 942 ## - ADDED ENTRY ELEMENTS (KOHA) | |
| Source of classification or shelving scheme | Universal Decimal Classification |
| Koha item type | Reference |
| Withdrawn status | Lost status | Source of classification or shelving scheme | Damaged status | Not for loan | Home library | Current library | Shelving location | Date acquired | Total Checkouts | Full call number | Barcode | Date last seen | Price effective from | Koha item type |
|---|---|---|---|---|---|---|---|---|---|---|---|---|---|---|
| Universal Decimal Classification | National Science Library | National Science Library | GF/Rk-12/C-2/R-1 | 31/05/2023 | 615.78(082.2) K6.1 | 65617 | 31/05/2023 | 31/05/2023 | Reference | |||||
| Universal Decimal Classification | National Science Library | National Science Library | GF/Rk-12/C-2/R-1 | 31/05/2023 | 615.78(082.2) K6 | 19315 | 31/05/2023 | 31/05/2023 | Reference |